[Event "First Saturday 2008 szeptember FM"]
[Site "Budapest"]
[Date "2008.09.06"]
[Round "1"]
[White "Bodrogi, Laszlo"]
[Black "Mendege, Andras"]
[Result "1-0"]
[WhiteElo "2104"]
[BlackElo "1876"]
[PlyCount "113"]
[EventDate "2008.09.06"]

1. e4 e6 2. d4 d5 3. Nc3 dxe4 4. Nxe4 Bd7 5. Nf3 Bc6 6. Bd3 Nd7 7. Qe2 Ngf6 8.
Bg5 Be7 9. O-O-O Nxe4 10. Bxe7 Qxe7 11. Bxe4 Bxe4 12. Qxe4 c6 13. Rhe1 Nf6 14.
Qd3 O-O 15. c4 Qc7 16. g3 Rfd8 17. h4 h6 18. Kb1 Qa5 19. Re5 Qc7 20. Qc2 Rac8
21. h5 Qb6 22. a3 Ng4 23. c5 Qc7 24. Re4 Nf6 25. Rh4 Rd5 26. Ne5 Rcd8 27. Nc4
Rxh5 28. Rxh5 Nxh5 29. Nd6 Nf6 30. f4 b6 31. b4 bxc5 32. dxc5 Rb8 33. Nc4 Nd5
34. Kc1 Qe7 35. Re1 Qf6 36. Ne5 Rc8 37. Qa4 Rc7 38. Qb3 h5 39. Qd3 g6 40. Kc2
h4 41. Ng4 Qg7 42. gxh4 Rc8 43. Qc4 Qh7 44. Qxd5 exd5 45. Nf6+ Kg7 46. Nxh7
Kxh7 47. Re7 Kg7 48. Rxa7 Kf6 49. a4 Rh8 50. b5 cxb5 51. axb5 Rxh4 52. b6 Rxf4
53. b7 Rb4 54. Ra6+ Ke5 55. Rb6 Rc4+ 56. Kb3 Rxc5 57. b8=Q+ 1-0

[Event "First Saturday 2008 szeptember FM"]
[Site "Budapest"]
[Date "2008.09.06"]
[Round "1"]
[White "Darazs, Zoltan"]
[Black "Mayer, Istvan"]
[Result "1/2-1/2"]
[WhiteElo "2245"]
[BlackElo "2164"]
[PlyCount "24"]
[EventDate "2008.09.06"]

1. d4 d5 2. c4 dxc4 3. Nc3 a6 4. a4 e6 5. e4 Bb4 6. Bxc4 Nf6 7. e5 Nd5 8. Nge2
Nb6 9. Bd3 c5 10. dxc5 Bxc5 11. O-O Nc6 12. Ne4 Be7 1/2-1/2

[Event "First Saturday 2008 szeptember FM"]
[Site "Budapest"]
[Date "2008.09.06"]
[Round "1"]
[White "Lakat, Gyula"]
[Black "Havaskori, Laszlo"]
[Result "1/2-1/2"]
[WhiteElo "1920"]
[BlackElo "2032"]
[PlyCount "24"]
[EventDate "2008.09.06"]

1. d4 Nf6 2. Nf3 d6 3. g3 g6 4. Bg2 Bg7 5. O-O O-O 6. Re1 Bf5 7. c4 Bxb1 8.
Rxb1 c6 9. e4 Qc7 10. b3 Nbd7 11. Bb2 Rfd8 12. Qc2 Ne8 1/2-1/2

[Event "First Saturday 2008 szeptember FM"]
[Site "Budapest"]
[Date "2008.09.06"]
[Round "1"]
[White "Borda, Lajos"]
[Black "Zilahi, Gabor"]
[Result "1-0"]
[WhiteElo "2149"]
[BlackElo "2013"]
[PlyCount "73"]
[EventDate "2008.09.06"]

1. d4 g6 2. e4 d6 3. c4 Bg7 4. Nc3 Nd7 5. f4 e6 6. Nf3 Ne7 7. Be3 a6 8. Bd3 h6
9. O-O f5 10. Qe2 O-O 11. Rad1 b6 12. exf5 gxf5 13. Bf2 Nf6 14. Kh1 Qe8 15. d5
exd5 16. Nxd5 Nfxd5 17. cxd5 Ra7 18. Bd4 Qf7 19. Rfe1 Ng6 20. Bc4 Ra8 21. Qd2
c5 22. dxc6 Qxc4 23. Bxg7 Kxg7 24. Qxd6 Ra7 25. Qxg6+ Kxg6 26. Ne5+ Kf6 27.
Nxc4 Rc7 28. Nxb6 Rxc6 29. Nd5+ Kg7 30. Ne7 Rc4 31. Nxc8 Rfxc8 32. g3 R8c6 33.
Kg2 h5 34. Kh3 Rc2 35. b4 h4 36. Kxh4 Rxh2+ 37. Kg5 1-0

[Event "First Saturday 2008 szeptember FM"]
[Site "Budapest"]
[Date "2008.09.06"]
[Round "1"]
[White "Koban, Balint"]
[Black "Greeff, Melissa"]
[Result "1-0"]
[WhiteElo "2148"]
[BlackElo "1965"]
[PlyCount "113"]
[EventDate "2008.09.06"]

1. e4 c5 2. Nf3 d6 3. d4 cxd4 4. Nxd4 Nf6 5. Nc3 a6 6. f3 e6 7. Be3 b5 8. Qd2
Nbd7 9. g4 Nb6 10. O-O-O Bb7 11. Qf2 Nfd7 12. Bd3 Rc8 13. Nce2 d5 14. e5 Nc4
15. f4 Qc7 16. Rhf1 Nc5 17. Kb1 Bc6 18. h4 b4 19. Nxc6 Qxc6 20. Nd4 Qb7 21. f5
Nxe5 22. fxe6 f6 23. g5 Ncxd3 24. cxd3 Ng4 25. Qe2 Nxe3 26. Qxe3 Be7 27. gxf6
Bxf6 28. Nf5 Qb8 29. e7 Rc6 30. Qf3 Qb5 31. Nxg7+ Kd7 32. e8=Q+ Rxe8 33. Nxe8
Kxe8 34. Qh5+ Kd8 35. Qxh7 Qc5 36. d4 Qe7 37. Qg8+ Kc7 38. Rfe1 Qd7 39. Qa8 Kb6
40. Qb8+ Ka5 41. Qf4 Qh7+ 42. Ka1 Qxh4 43. Qxh4 Bxh4 44. Rc1 Rxc1+ 45. Rxc1 Be7
46. Rc7 Bf6 47. Rc5+ Kb6 48. Rxd5 Kc6 49. Rc5+ Kd6 50. Ra5 Bxd4 51. Rxa6+ Kd5
52. Kb1 Kc4 53. Kc2 Bc5 54. Rh6 Bd4 55. Rh4 Kc5 56. Kb3 Bf6 57. Rc4+ 1-0

[Event "First Saturday 2008 szeptember FM"]
[Site "Budapest"]
[Date "2008.09.06"]
[Round "1"]
[White "Zoltan, Andras"]
[Black "Seidel, Michael dr.prof"]
[Result "0-1"]
[WhiteElo "2078"]
[BlackElo "2080"]
[PlyCount "92"]
[EventDate "2008.09.06"]

1. e4 d6 2. Nf3 Nf6 3. Nc3 g6 4. d4 Bg7 5. h3 O-O 6. Be3 b6 7. Bd3 Bb7 8. Qd2
c5 9. Bh6 cxd4 10. Nxd4 Nbd7 11. Bxg7 Kxg7 12. f3 Nc5 13. Be2 e5 14. Ndb5 d5
15. Nxd5 Nfxe4 16. fxe4 Qh4+ 17. Kf1 Nxe4 18. Qe3 Bxd5 19. Nc7 Ng3+ 20. Kg1
Nxe2+ 21. Qxe2 Qd4+ 22. Kh2 Bc4 23. Qf3 Rac8 24. Rad1 Qc5 25. Nd5 Bxd5 26. Rxd5
Qxc2 27. Rxe5 Qxb2 28. Re7 Rc3 29. Qd5 Rc5 30. Qb7 Qf6 31. Rhe1 Ra5 32. R1e2 h5
33. R7e3 Rxa2 34. Rxa2 Qf4+ 35. Kh1 Qxe3 36. Rxa7 Qc1+ 37. Kh2 Qf4+ 38. Kh1 Rb8
39. Qc6 Rd8 40. Ra1 Qd4 41. Rb1 Rd6 42. Qf3 Rf6 43. Qb7 Qd3 44. Rxb6 Rf1+ 45.
Kh2 Qd4 46. Qc7 h4 0-1

[Event "First Saturday 2008 szeptember FM"]
[Site "Budapest"]
[Date "2008.09.07"]
[Round "2"]
[White "Mendege, Andras"]
[Black "Seidel, Michael dr.prof"]
[Result "0-1"]
[WhiteElo "1876"]
[BlackElo "2080"]
[PlyCount "115"]
[EventDate "2008.09.06"]

1. e4 d6 2. d4 Nf6 3. Nc3 g6 4. f3 c6 5. Be3 b5 6. Qd2 Nbd7 7. O-O-O Qa5 8. Kb1
Nb6 9. Nd5 Qxd2 10. Nxf6+ exf6 11. Bxd2 a6 12. Bd3 Be6 13. Ne2 Bg7 14. c3 O-O
15. Rhe1 d5 16. exd5 Bxd5 17. Nf4 Bc4 18. Bxc4 Nxc4 19. Nd3 Rfe8 20. Kc2 Bf8
21. Rxe8 Rxe8 22. Re1 Re6 23. Bc1 Bd6 24. b3 Nb6 25. Bd2 a5 26. g3 Kf8 27. Kd1
Ke7 28. Bf4 g5 29. Bxd6+ Kxd6 30. Nc5 Rxe1+ 31. Kxe1 Kd5 32. Kd2 f5 33. Kd3 h6
34. a4 h5 35. Nb7 bxa4 36. c4+ Ke6 37. bxa4 Nxa4 38. Nxa5 c5 39. dxc5 Nxc5+ 40.
Kd4 Kd6 41. f4 f6 42. Kc3 Ne4+ 43. Kd4 Nc5 44. Kc3 gxf4 45. gxf4 Ne6 46. Nb3
Nxf4 47. Kd4 Ne6+ 48. Ke3 Ke5 49. Kf3 h4 50. Kg2 Ng5 51. Nc5 Kd4 52. Nd7 Kxc4
53. Nxf6 Kd4 54. Kf2 Ne4+ 55. Nxe4 fxe4 56. Ke2 e3 57. h3 Ke4 58. Ke1 0-1

[Event "First Saturday 2008 szeptember FM"]
[Site "Budapest"]
[Date "2008.09.07"]
[Round "2"]
[White "Greeff, Melissa"]
[Black "Zoltan, Andras"]
[Result "1-0"]
[WhiteElo "1965"]
[BlackElo "2078"]
[PlyCount "47"]
[EventDate "2008.09.06"]

1. e4 e5 2. Nf3 Nc6 3. Bb5 Bc5 4. O-O Nf6 5. c3 O-O 6. d4 Bb6 7. Bg5 h6 8. Bh4
d6 9. Qd3 Qe7 10. Nbd2 Bd7 11. Rfe1 a6 12. Bc4 Rad8 13. Bb3 Bg4 14. Ba4 Nb8 15.
Nc4 Ba7 16. Ne3 g5 17. Nxg5 hxg5 18. Bxg5 Be6 19. Nd5 Bxd5 20. exd5 Kg7 21. Qg3
Nbd7 22. Bf4+ Kh8 23. Qh4+ Kg7 24. Bh6+ 1-0

[Event "First Saturday 2008 szeptember FM"]
[Site "Budapest"]
[Date "2008.09.07"]
[Round "2"]
[White "Zilahi, Gabor"]
[Black "Koban, Balint"]
[Result "0-1"]
[WhiteElo "2013"]
[BlackElo "2148"]
[PlyCount "68"]
[EventDate "2008.09.06"]

1. d4 Nf6 2. Bg5 Ne4 3. h4 c5 4. Nf3 Qa5+ 5. Bd2 Qb6 6. Nc3 Nxd2 7. Qxd2 cxd4
8. Nxd4 Nc6 9. Nb3 e6 10. a3 d5 11. e3 Be7 12. O-O-O O-O 13. g4 a5 14. Be2 a4
15. Nd4 Nxd4 16. exd4 Bd7 17. f4 Rfc8 18. Rh3 Rc7 19. Re1 Rac8 20. Bd1 Qc6 21.
f5 b5 22. Nb1 Qb6 23. g5 b4 24. f6 bxa3 25. Nxa3 Rb8 26. c4 Bb4 27. Rc3 dxc4
28. Rf1 Bxa3 29. Rxa3 c3 30. Rxc3 Rxc3+ 31. Qxc3 Rc8 32. Qxc8+ Bxc8 33. Bxa4
Bb7 34. fxg7 Qa6 0-1

[Event "First Saturday 2008 szeptember FM"]
[Site "Budapest"]
[Date "2008.09.07"]
[Round "2"]
[White "Havaskori, Laszlo"]
[Black "Borda, Lajos"]
[Result "1-0"]
[WhiteElo "2032"]
[BlackElo "2149"]
[PlyCount "87"]
[EventDate "2008.09.06"]

1. e4 c5 2. Nf3 a6 3. d4 cxd4 4. Nxd4 Nf6 5. Nc3 e5 6. Nf3 Bb4 7. Bd2 d6 8. Bd3
O-O 9. h3 h6 10. Qe2 Re8 11. O-O-O d5 12. a3 Bf8 13. g4 Nc6 14. g5 Nd4 15. Nxd4
exd4 16. gxf6 dxc3 17. Bxc3 d4 18. Bc4 Qxf6 19. Rxd4 Be6 20. Bxe6 Qxe6 21. Qc4
Rac8 22. Qxe6 Rxe6 23. Bb4 Bc5 24. Bxc5 Rxc5 25. f4 g6 26. Kd2 b5 27. Kd3 Kf8
28. b4 Rc7 29. Rc1 Rec6 30. c4 a5 31. c5 axb4 32. axb4 Ra6 33. Rc3 Ke7 34. e5
Ra1 35. Ke4 Re1+ 36. Re3 Rb1 37. f5 gxf5+ 38. Kxf5 Rf1+ 39. Rf4 Rd1 40. Ree4
Rd3 41. Rh4 Rc6 42. Rd4 Rf3+ 43. Ke4 Rb3 44. Kd5 1-0

[Event "First Saturday 2008 szeptember FM"]
[Site "Budapest"]
[Date "2008.09.07"]
[Round "2"]
[White "Mayer, Istvan"]
[Black "Lakat, Gyula"]
[Result "1/2-1/2"]
[WhiteElo "2164"]
[BlackElo "1920"]
[PlyCount "44"]
[EventDate "2008.09.06"]

1. e4 c5 2. Nf3 Nc6 3. d4 cxd4 4. Nxd4 Nf6 5. Nc3 e5 6. Ndb5 d6 7. Bg5 a6 8.
Na3 b5 9. Nd5 Be7 10. Bxf6 Bxf6 11. c3 O-O 12. Nc2 Bg5 13. Nce3 Ne7 14. Be2 Be6
15. Bf3 Rc8 16. Qd3 Bxd5 17. Nxd5 Nxd5 18. Qxd5 Rc5 19. Qd3 Qc7 20. O-O Rd8 21.
a4 g6 22. g3 Be7 1/2-1/2

[Event "First Saturday 2008 szeptember FM"]
[Site "Budapest"]
[Date "2008.09.07"]
[Round "2"]
[White "Bodrogi, Laszlo"]
[Black "Darazs, Zoltan"]
[Result "1-0"]
[WhiteElo "2104"]
[BlackElo "2245"]
[PlyCount "89"]
[EventDate "2008.09.06"]

1. d4 Nf6 2. c4 g6 3. Nc3 d5 4. Nf3 Bg7 5. Qb3 dxc4 6. Qxc4 O-O 7. e4 a6 8. Qb3
b5 9. h3 c5 10. dxc5 Bb7 11. Be3 Nxe4 12. Nxe4 Bxe4 13. Rd1 Qa5+ 14. Bd2 Qc7
15. Qe3 Bd5 16. b3 Nc6 17. Bc3 Bxc3+ 18. Qxc3 Bxf3 19. gxf3 Rad8 20. Bd3 Qf4
21. Be4 Rxd1+ 22. Kxd1 Rd8+ 23. Kc2 Nd4+ 24. Kb1 Ne2 25. Qe3 Qxe3 26. fxe3 Nc3+
27. Kc2 Nxe4 28. fxe4 b4 29. Rc1 Kf8 30. c6 Ke8 31. c7 Rc8 32. Kd3 Kd7 33. Rc4
Rxc7 34. Rxb4 g5 35. e5 Rc5 36. Ke4 Rb5 37. Rxb5 axb5 38. Kf5 b4 39. Kxg5 Ke6
40. Kf4 Kd5 41. Kf5 h6 42. h4 h5 43. Kf4 e6 44. Kg5 Kxe5 45. Kxh5 1-0

[Event "First Saturday 2008 szeptember FM"]
[Site "Budapest"]
[Date "2008.09.08"]
[Round "3"]
[White "Darazs, Zoltan"]
[Black "Mendege, Andras"]
[Result "1-0"]
[WhiteElo "2245"]
[BlackElo "1876"]
[PlyCount "73"]
[EventDate "2008.09.06"]

1. d4 Nf6 2. c4 g6 3. Nc3 d5 4. Nf3 Bg7 5. cxd5 Nxd5 6. e4 Nxc3 7. bxc3 O-O 8.
Be2 c5 9. Rb1 Nc6 10. d5 Ne5 11. Nxe5 Bxe5 12. Qd2 b6 13. f4 Bg7 14. O-O Bb7
15. Bb2 Qd7 16. c4 Bxb2 17. Qxb2 Qa4 18. h4 h5 19. Rf3 Bc8 20. Ra3 Qe8 21. Rg3
Kh7 22. Bxh5 Rg8 23. Be2 e6 24. d6 e5 25. fxe5 Be6 26. Rf1 Qd8 27. Rf6 Qd7 28.
Qc1 Rg7 29. h5 Rh8 30. Qg5 Qe8 31. hxg6+ Rxg6 32. Rxg6 fxg6 33. Bg4 Bxg4 34.
Rxg4 Qe6 35. Rh4+ Kg7 36. Qf6+ Qxf6 37. exf6+ 1-0

[Event "First Saturday 2008 szeptember FM"]
[Site "Budapest"]
[Date "2008.09.08"]
[Round "3"]
[White "Lakat, Gyula"]
[Black "Bodrogi, Laszlo"]
[Result "0-1"]
[WhiteElo "1920"]
[BlackElo "2104"]
[PlyCount "134"]
[EventDate "2008.09.06"]

1. d4 d5 2. Nf3 Nf6 3. g3 e6 4. Bg2 Be7 5. O-O O-O 6. Bg5 c5 7. e3 h6 8. Bxf6
Bxf6 9. c3 Qb6 10. Qc2 Nc6 11. Nbd2 cxd4 12. exd4 Qc7 13. Rfe1 Nxd4 14. Qd3 Nc6
15. Nb3 a6 16. Rad1 Rd8 17. Nbd4 Bd7 18. Nxc6 bxc6 19. Qe2 Rab8 20. Rd2 Rb6 21.
Ne5 Bxe5 22. Qxe5 Qxe5 23. Rxe5 Rdb8 24. Ree2 c5 25. c4 d4 26. b3 f6 27. f4 Kf7
28. Kf2 a5 29. Be4 a4 30. Bc2 axb3 31. axb3 g6 32. Bd1 Re8 33. Ra2 e5 34. Ra7
Re7 35. Rea2 e4 36. Rc7 e3+ 37. Ke1 d3 38. Raa7 d2+ 39. Kf1 Bh3+ 40. Kg1 Rbe6
41. Be2 f5 42. Rxe7+ Rxe7 43. Ra1 h5 44. Rb1 Bg4 45. Kf1 Rd7 46. Bxg4 hxg4 47.
Ke2 g5 48. fxg5 Kg6 49. Rd1 Re7 50. b4 cxb4 51. c5 Kxg5 52. c6 f4 53. gxf4+
Kxf4 54. Rb1 Rh7 55. Rxb4+ Ke5 56. Rb1 Kd4 57. Rh1 Rc7 58. Rg1 Rxc6 59. Rxg4+
Kc3 60. Rg8 Rd6 61. Rc8+ Kd4 62. h3 Rd5 63. Ra8 Ke4 64. Ra4+ Rd4 65. Ra1 Rc4
66. Rg1 Rc1 67. Rg4+ Kf5 0-1

[Event "First Saturday 2008 szeptember FM"]
[Site "Budapest"]
[Date "2008.09.08"]
[Round "3"]
[White "Borda, Lajos"]
[Black "Mayer, Istvan"]
[Result "1/2-1/2"]
[WhiteElo "2149"]
[BlackElo "2164"]
[PlyCount "28"]
[EventDate "2008.09.06"]

1. d4 d5 2. a3 Nf6 3. e3 Bf5 4. c4 dxc4 5. Bxc4 e6 6. Nc3 Nbd7 7. Nf3 c6 8. Qe2
Ne4 9. Nd2 Nxc3 10. bxc3 Be7 11. O-O Bg6 12. f4 Qa5 13. Bb2 Nb6 14. Bb3 Na4
1/2-1/2

[Event "First Saturday 2008 szeptember FM"]
[Site "Budapest"]
[Date "2008.09.08"]
[Round "3"]
[White "Koban, Balint"]
[Black "Havaskori, Laszlo"]
[Result "0-1"]
[WhiteElo "2148"]
[BlackElo "2032"]
[PlyCount "90"]
[EventDate "2008.09.06"]

1. e4 e6 2. d4 d5 3. Nd2 c5 4. exd5 exd5 5. Ngf3 Nf6 6. Bb5+ Nc6 7. O-O Be7 8.
dxc5 O-O 9. Nb3 Ne4 10. Be3 Bg4 11. Be2 Bxf3 12. Bxf3 f5 13. Qe2 Qe8 14. c4 Qf7
15. cxd5 Qxd5 16. Rfd1 Qe6 17. Nd4 Nxd4 18. Bxd4 Bf6 19. Bxf6 Qxf6 20. Bxe4
fxe4 21. Rd6 Qe5 22. Qc4+ Kh8 23. Qd4 Qg5 24. Rd5 Rad8 25. Rd1 Rxd5 26. Qxd5
Qf6 27. Qd4 Qf5 28. Re1 Re8 29. Re3 h6 30. g3 Qg6 31. Qd7 Rf8 32. Qxb7 Qf6 33.
Re2 e3 34. f3 Qd4 35. Qb3 Rxf3 36. Qc3 Qe4 37. Qc1 Qd3 38. Qc2 Qd5 39. Qc1 Qd3
40. Qe1 a5 41. c6 Qc4 42. Rxe3 Qd4 43. c7 Rxe3 44. Qf2 Qd1+ 45. Kg2 Re8 0-1

[Event "First Saturday 2008 szeptember FM"]
[Site "Budapest"]
[Date "2008.09.08"]
[Round "3"]
[White "Zoltan, Andras"]
[Black "Zilahi, Gabor"]
[Result "0-1"]
[WhiteElo "2078"]
[BlackElo "2013"]
[PlyCount "66"]
[EventDate "2008.09.06"]

1. e4 g6 2. d4 Bg7 3. c4 d6 4. Nc3 Nd7 5. Be3 e6 6. Qd2 b6 7. Be2 Bb7 8. Bf3 h6
9. O-O-O a6 10. e5 Bxf3 11. Nxf3 Ne7 12. Rhe1 Nf5 13. g4 Nxe3 14. Qxe3 Qe7 15.
exd6 cxd6 16. d5 e5 17. Nd4 O-O 18. Nc6 Qh4 19. h3 f5 20. gxf5 gxf5 21. Rg1 Kh7
22. Kb1 Rae8 23. Rg2 Bf6 24. Qg3 Rg8 25. Qf3 Rxg2 26. Qxg2 Rg8 27. Qf1 Nc5 28.
b4 Ne4 29. Nxe4 Qxe4+ 30. Qd3 Qf4 31. Qe3 Qxc4 32. Qxb6 Qe2 33. Rc1 e4 0-1

[Event "First Saturday 2008 szeptember FM"]
[Site "Budapest"]
[Date "2008.09.08"]
[Round "3"]
[White "Seidel, Michael dr.prof"]
[Black "Greeff, Melissa"]
[Result "1/2-1/2"]
[WhiteElo "2080"]
[BlackElo "1965"]
[PlyCount "78"]
[EventDate "2008.09.06"]

1. e4 c5 2. Nf3 e6 3. d4 cxd4 4. Nxd4 a6 5. Be2 Nc6 6. O-O Qc7 7. c4 Nf6 8.
Nxc6 dxc6 9. Qd3 e5 10. Nc3 Be6 11. Qg3 O-O-O 12. Be3 Bb4 13. Na4 Nd7 14. a3
Be7 15. b4 h5 16. f3 c5 17. Rfb1 f5 18. exf5 Bxf5 19. Rb2 g5 20. bxc5 Bxc5 21.
Bxc5 Nxc5 22. Nb6+ Kb8 23. Nd5 Qg7 24. Raa2 h4 25. Qf2 Nd3 26. Bxd3 Bxd3 27.
Qc5 Qd7 28. Nb4 Ka8 29. Rd2 Qh7 30. Rab2 Rc8 31. Qxe5 Rhe8 32. Qf6 Re1+ 33. Kf2
Rf1+ 34. Ke3 Bxc4 35. Rd8 Qc7 36. Rbd2 Re1+ 37. Kf2 Rf1+ 38. Ke3 Re1+ 39. Kf2
Rf1+ 1/2-1/2

[Event "First Saturday 2008 szeptember FM"]
[Site "Budapest"]
[Date "2008.09.09"]
[Round "4"]
[White "Mendege, Andras"]
[Black "Greeff, Melissa"]
[Result "0-1"]
[WhiteElo "1876"]
[BlackElo "1965"]
[PlyCount "74"]
[EventDate "2008.09.06"]

1. e4 c5 2. Nf3 d6 3. d4 cxd4 4. Nxd4 Nf6 5. Nc3 a6 6. Be2 e5 7. Nb3 Be7 8. Bg5
Be6 9. O-O Nbd7 10. Qd2 b5 11. a3 O-O 12. h3 Rc8 13. Rfd1 Qc7 14. Rac1 Qb7 15.
Nd5 Bxd5 16. exd5 Ne4 17. Bxe7 Nxd2 18. Rxd2 Rfe8 19. Bxd6 Nf6 20. Bb4 Nxd5 21.
Bf3 e4 22. Bg4 Rcd8 23. Ba5 Nb6 24. Rxd8 Rxd8 25. Bf5 g6 26. Bxe4 Qxe4 27. Bxb6
Rc8 28. Nd4 Qd5 29. Nb3 f5 30. Bd4 Rc4 31. Be3 f4 32. Nd2 fxe3 33. Nxc4 e2 34.
Ne3 Qd2 35. Ra1 e1=Q+ 36. Rxe1 Qxe1+ 37. Nf1 Qc1 0-1

[Event "First Saturday 2008 szeptember FM"]
[Site "Budapest"]
[Date "2008.09.09"]
[Round "4"]
[White "Havaskori, Laszlo"]
[Black "Zoltan, Andras"]
[Result "1/2-1/2"]
[WhiteElo "2032"]
[BlackElo "2078"]
[PlyCount "152"]
[EventDate "2008.09.06"]

1. e4 e5 2. Nf3 Nc6 3. Bc4 Nf6 4. d3 d6 5. h3 Na5 6. Bb3 Be7 7. Nc3 c6 8. Bg5
O-O 9. Qd2 Nxb3 10. axb3 b5 11. O-O Nh5 12. Ne2 Bxg5 13. Qxg5 Qxg5 14. Nxg5 h6
15. Nf3 g5 16. g4 Ng7 17. Ng3 f6 18. b4 a6 19. Ra3 Rf7 20. Rfa1 Rfa7 21. d4 Kf7
22. dxe5 fxe5 23. Ne1 Be6 24. Ng2 Ke7 25. Ne3 d5 26. Nef5+ Bxf5 27. Nxf5+ Nxf5
28. exf5 Kd6 29. Kg2 c5 30. bxc5+ Kxc5 31. h4 Kb6 32. hxg5 hxg5 33. Rh3 Rc7 34.
Rh6+ Rc6 35. Rah1 a5 36. R1h5 Rxh6 37. Rxh6+ Kc5 38. Rg6 a4 39. f6 b4 40. f7
Rf8 41. Rxg5 Kd4 42. Rg8 Rxf7 43. Ra8 b3 44. Rxa4+ Kc5 45. c3 d4 46. cxd4+ exd4
47. Ra1 d3 48. Kg3 Kd4 49. Ra4+ Kc5 50. Ra1 Kd4 51. Rd1 Rc7 52. g5 Ke4 53. f4
Ke3 54. g6 d2 55. f5 Rc1 56. Rxd2 Kxd2 57. Kf4 Kc2 58. g7 Rg1 59. f6 Kxb2 60.
f7 Rf1+ 61. Ke3 Rxf7 62. g8=Q Re7+ 63. Kf2 Rc7 64. Qa8 Rc2+ 65. Ke3 Rc3+ 66.
Kd4 Rc2 67. Qa4 Rc1 68. Qa5 Rc2 69. Kd3 Rc1 70. Qb4 Rc2 71. Qe1 Rc1 72. Qe5+
Kb1 73. Qe2 Rc2 74. Qd1+ Kb2 75. Qe1 Rc1 76. Qa5 Rc2 1/2-1/2

[Event "First Saturday 2008 szeptember FM"]
[Site "Budapest"]
[Date "2008.09.09"]
[Round "4"]
[White "Mayer, Istvan"]
[Black "Koban, Balint"]
[Result "1-0"]
[WhiteElo "2164"]
[BlackElo "2148"]
[PlyCount "83"]
[EventDate "2008.09.06"]

1. e4 c5 2. Nf3 d6 3. d4 cxd4 4. Nxd4 Nf6 5. Nc3 a6 6. Be2 e6 7. O-O Be7 8. Kh1
Nc6 9. f4 Qc7 10. Bf3 e5 11. Nde2 O-O 12. f5 Nb8 13. g4 Nbd7 14. g5 Ne8 15. Nd5
Qd8 16. Rg1 Kh8 17. Nec3 Nc7 18. Nxc7 Qxc7 19. Nd5 Qd8 20. Be3 b5 21. Nxe7 Qxe7
22. Qd5 Rb8 23. Rad1 Nb6 24. Qxd6 Qxd6 25. Rxd6 Nc4 26. Bc5 Re8 27. Rd5 Nxb2
28. Bd6 Bb7 29. Rxe5 Rbc8 30. Rxe8+ Rxe8 31. Re1 Nc4 32. Bf4 Na3 33. c3 f6 34.
Kg2 Rc8 35. gxf6 gxf6 36. Rd1 Re8 37. Bh6 Kg8 38. Kf2 Nc4 39. Rg1+ Kh8 40. Bg7+
Kg8 41. Bxf6+ Kf7 42. Bd4 1-0

[Event "First Saturday 2008 szeptember FM"]
[Site "Budapest"]
[Date "2008.09.09"]
[Round "4"]
[White "Bodrogi, Laszlo"]
[Black "Borda, Lajos"]
[Result "1/2-1/2"]
[WhiteElo "2104"]
[BlackElo "2149"]
[PlyCount "20"]
[EventDate "2008.09.06"]

1. d4 Nf6 2. c4 e6 3. Nc3 d5 4. Bg5 Be7 5. Nf3 c6 6. e3 Nbd7 7. Rc1 h6 8. Bxf6
Nxf6 9. Bd3 O-O 10. cxd5 exd5 1/2-1/2

[Event "First Saturday 2008 szeptember FM"]
[Site "Budapest"]
[Date "2008.09.09"]
[Round "4"]
[White "Darazs, Zoltan"]
[Black "Lakat, Gyula"]
[Result "1/2-1/2"]
[WhiteElo "2245"]
[BlackElo "1920"]
[PlyCount "64"]
[EventDate "2008.09.06"]

1. e4 c5 2. Nf3 Nc6 3. d4 cxd4 4. Nxd4 Nf6 5. Nc3 e5 6. Ndb5 d6 7. Bg5 a6 8.
Na3 b5 9. Nd5 Be7 10. Bxf6 Bxf6 11. c3 Bg5 12. Nc2 O-O 13. a4 Rb8 14. axb5 axb5
15. h4 Bh6 16. g4 Bf4 17. Qf3 Re8 18. Rd1 Be6 19. Nxf4 exf4 20. Qxf4 Bb3 21.
Rxd6 Rxe4+ 22. Qxe4 Qxd6 23. Bd3 g6 24. O-O Bd5 25. Qe2 Ne5 26. Be4 Bc4 27. Qd1
Qe7 28. Re1 Qxh4 29. Bf3 Nd3 30. Re2 Nf4 31. Rd2 Re8 32. Ne3 Nh3+ 1/2-1/2

[Event "First Saturday 2008 szeptember FM"]
[Site "Budapest"]
[Date "2008.09.10"]
[Round "5"]
[White "Lakat, Gyula"]
[Black "Mendege, Andras"]
[Result "1-0"]
[WhiteElo "1920"]
[BlackElo "1876"]
[PlyCount "108"]
[EventDate "2008.09.06"]

1. c4 c5 2. Nf3 Nc6 3. g3 g6 4. Bg2 Bg7 5. O-O Nf6 6. Nc3 O-O 7. d4 cxd4 8.
Nxd4 Nxd4 9. Qxd4 d6 10. Rd1 a6 11. Qd3 Qc7 12. b3 Bd7 13. Bb2 Bc6 14. e4 Rfd8
15. Rab1 Rab8 16. a4 b6 17. Nd5 Bxd5 18. cxd5 b5 19. Rdc1 Qb7 20. a5 Rdc8 21.
Rc6 Rxc6 22. dxc6 Qc7 23. b4 Nh5 24. Bxg7 Nxg7 25. Rc1 Ne6 26. Qe3 Nf8 27. f4
Kg7 28. e5 dxe5 29. fxe5 e6 30. Re1 h6 31. Qc5 Kg8 32. h4 Kg7 33. Kh2 Kg8 34.
Rd1 Kg7 35. Qd6 Rc8 36. Qxc7 Rxc7 37. Rd8 Ra7 38. Rb8 g5 39. h5 f6 40. exf6+
Kf7 41. Be4 Kg8 42. Kg2 Kf7 43. Bg6+ Kg8 44. Kf3 Rc7 45. Rb6 Ra7 46. Ke4 Ra8
47. Ke5 Rd8 48. Rxa6 Rd5+ 49. Ke4 Rd6 50. c7 Rxa6 51. c8=Q Ra7 52. f7+ Rxf7 53.
Bxf7+ Kxf7 54. Qxf8+ Kxf8 1-0

[Event "First Saturday 2008 szeptember FM"]
[Site "Budapest"]
[Date "2008.09.10"]
[Round "5"]
[White "Borda, Lajos"]
[Black "Darazs, Zoltan"]
[Result "1/2-1/2"]
[WhiteElo "2149"]
[BlackElo "2245"]
[PlyCount "31"]
[EventDate "2008.09.06"]

1. d4 Nf6 2. c4 g6 3. Nc3 d5 4. cxd5 Nxd5 5. Bd2 Bg7 6. Rc1 O-O 7. e3 e5 8.
dxe5 Bxe5 9. Nf3 Nxc3 10. Bxc3 Qxd1+ 11. Kxd1 Bd6 12. Bc4 Nc6 13. Ke2 Bg4 14.
Bd5 Be6 15. Bxe6 fxe6 16. Ng5 1/2-1/2

[Event "First Saturday 2008 szeptember FM"]
[Site "Budapest"]
[Date "2008.09.10"]
[Round "5"]
[White "Koban, Balint"]
[Black "Bodrogi, Laszlo"]
[Result "1-0"]
[WhiteElo "2148"]
[BlackElo "2104"]
[PlyCount "129"]
[EventDate "2008.09.06"]

1. e4 e5 2. Nf3 Nc6 3. Bb5 a6 4. Ba4 Nf6 5. O-O Be7 6. Re1 b5 7. Bb3 d6 8. c3
O-O 9. h3 Na5 10. Bc2 c5 11. d4 Qc7 12. Nbd2 Bd7 13. Nf1 Rfe8 14. Ng3 h6 15. b3
c4 16. b4 Nb7 17. a4 a5 18. Be3 axb4 19. cxb4 d5 20. dxe5 Nxe4 21. Nxe4 dxe4
22. Bxe4 Bxb4 23. Re2 Rxa4 24. Rxa4 bxa4 25. Qb1 Nc5 26. Bh7+ Kh8 27. Qxb4 Na6
28. Qb1 Rb8 29. Qe4 a3 30. Bd4 c3 31. e6 Bc6 32. Qe5 f6 33. Qxc7 Nxc7 34. Bc2
Nd5 35. e7 a2 36. Re1 Nxe7 37. Bxc3 Bxf3 38. gxf3 Nd5 39. Bd4 Kg8 40. Ra1 Nf4
41. Kf1 Rb4 42. Bc3 Rb5 43. Rxa2 Nxh3 44. Bg6 Rb8 45. Bd2 Ng5 46. Bxg5 fxg5 47.
Kg2 Kf8 48. Ra7 Rb6 49. Be4 Rd6 50. Kg3 Kg8 51. Kg4 g6 52. Rc7 Kh8 53. Rc6 Rxc6
54. Bxc6 Kg7 55. f4 gxf4 56. Kxf4 Kf6 57. Be4 h5 58. Bd3 g5+ 59. Ke4 Ke6 60.
Be2 g4 61. Bxg4+ hxg4 62. Kf4 Kf6 63. Kxg4 Kg6 64. Kf4 Kf6 65. f3 1-0

[Event "First Saturday 2008 szeptember FM"]
[Site "Budapest"]
[Date "2008.09.10"]
[Round "5"]
[White "Zoltan, Andras"]
[Black "Mayer, Istvan"]
[Result "1/2-1/2"]
[WhiteElo "2078"]
[BlackElo "2164"]
[PlyCount "37"]
[EventDate "2008.09.06"]

1. e4 e6 2. d3 d5 3. Nd2 c5 4. Ngf3 Nc6 5. g3 Nf6 6. Bg2 Be7 7. O-O O-O 8. Re1
h6 9. e5 Nd7 10. h4 Qc7 11. Qe2 f5 12. exf6 Rxf6 13. c4 Nf8 14. Nb3 a5 15. cxd5
exd5 16. Ne5 Be6 17. Nxc6 Qxc6 18. Be3 Qb5 19. d4 1/2-1/2

[Event "First Saturday 2008 szeptember FM"]
[Site "Budapest"]
[Date "2008.09.10"]
[Round "5"]
[White "Seidel, Michael dr.prof"]
[Black "Havaskori, Laszlo"]
[Result "1/2-1/2"]
[WhiteElo "2080"]
[BlackElo "2032"]
[PlyCount "45"]
[EventDate "2008.09.06"]

1. e4 c6 2. d4 d5 3. exd5 cxd5 4. c4 Nf6 5. Nc3 e6 6. Nf3 Nc6 7. c5 Be7 8. Bb5
Bd7 9. Bxc6 Bxc6 10. b4 O-O 11. O-O Ne4 12. Bb2 Nxc3 13. Bxc3 Qc8 14. a4 b5 15.
cxb6 axb6 16. Bd2 Qb7 17. b5 Bd7 18. Qb3 Rfc8 19. Rfc1 Bd6 20. Bb4 Bf4 21. Bd2
Bd6 22. Bb4 Bf4 23. Bd2 1/2-1/2